| 000 | 01347cam a22003377a 4500 | ||
|---|---|---|---|
| 003 | CHAP | ||
| 005 | 20220329141933.0 | ||
| 008 | 980819d1997 mx b rs 00110 spa d | ||
| 010 | _a75944 | ||
| 011 | _a76916 | ||
| 020 | _a9701315049 | ||
| 035 | _a86511 | ||
| 040 | _cCHAP | ||
| 082 | 0 | 4 |
_a352.072 _bI5 N.L. |
| 110 | 2 |
_aInstituto Nacional de Estadística, Geografía e Informática. México _959304 |
|
| 245 | 1 | 0 |
_aDivisión territorial del estado de Nuevo León de 1810 a 1995 _c/por Instituto Nacional de Estadística Geografía e Informática |
| 260 |
_aAguascalientes, Ags. : _bInstituto Nacional de Estadística Geografía e Informática, _c1997. |
||
| 300 |
_a173 p. : _bcuadros ; mapas |
||
| 590 |
_aBATCH-UPD _b10 _c20130110 _lUCH01 _h0551 |
||
| 590 |
_aBATCH-UPD _b10 _c20130410 _lUCH01 _h0233 |
||
| 590 |
_aBATCH-UPD _b10 _c20130914 _lUCH01 _h0945 |
||
| 590 |
_aCONVERSION _b10 _c20130109 _lUCH01 _h1342 |
||
| 650 | 1 | 4 |
_aCiudades y pueblos _xNuevo León. _923530 |
| 650 | 1 | 4 |
_aNuevo León _xDivisiones administrativas y políticas. _982158 |
| 650 | 1 | 4 |
_aNuevo León _xLeyes. _982162 |
| 901 | _aBK | ||
| 905 | _aAlejandra Carrasco M. | ||
| 942 | _cLIBRO | ||
| 949 |
_a352.072 I5 N.L. _bBC _cINEGI _d33724000699294 _eINEGI _fc.2 _h93735 _i86511 _sb _t$40.00 |
||
| 949 |
_a352.072 I5 N.L. _bBC _cINEGI _d33724000699419 _eINEGI _h93734 _i86511 _sb _t$40.00 |
||
| 999 |
_c75944 _d75944 |
||